| 000 | 00802nam a22002417a 4500 | ||
|---|---|---|---|
| 001 | 3739 | ||
| 003 | FISKH | ||
| 005 | 20240426091045.0 | ||
| 008 | 240426b cb ||||| |||| 00| 0 eng d | ||
| 040 |
_aFISK _beng _cFISK _dFISK |
||
| 050 | _aPZ7.M42355 | ||
| 082 | _a813.6 | ||
| 100 |
_aMass Wendy _d1967- |
||
| 245 |
_aFinally / _cWendy Mass |
||
| 260 |
_aNew York : _bScholastic, _c2010 |
||
| 300 |
_a296 pages : _c20 cm |
||
| 505 | _aM | ||
| 520 | _aAfter her twelfth birthday, Rory checks off a list of things she is finally allowed to do, but unexpected consequences interfere with her involvement in the movie being shot at her school, while a weird prediction starts to make sense. | ||
| 521 | 8 |
_a750 _bLexiles |
|
| 700 | _aWendy Mass | ||
| 942 |
_2lcc _cBK _n0 |
||
| 999 |
_c3739 _d3739 |
||